|
|
|
|
| LEADER |
00842nab a2200205 i 4500 |
| 001 |
acta81380 |
| 005 |
20230915123747.0 |
| 008 |
230915s1970 hu o 0|| hun d |
| 040 |
|
|
|a SZTE Egyetemi Kiadványok Repozitórium
|b hun
|
| 041 |
|
|
|a hun
|
| 100 |
1 |
|
|a Lindner Károly
|
| 245 |
1 |
0 |
|a Dr. Báthory Pál emlékezetére
|h [elektronikus dokumentum] /
|c Lindner Károly
|
| 260 |
|
|
|a Lapkiadó Vállalat
|b Budapest
|c 1970
|
| 300 |
|
|
|a 269-270
|
| 490 |
0 |
|
|a Élelmiszervizsgálati közlemények
|
| 650 |
|
4 |
|a Műszaki és technológiai tudományok
|
| 650 |
|
4 |
|a Egyéb műszaki tudományok és technológiák
|
| 650 |
|
4 |
|a Élelmiszer és italfélék
|
| 695 |
|
|
|a Báthory Pál, Élelmiszervizsgálat - magyar - 20. sz. - életrajz
|
| 856 |
4 |
0 |
|u http://acta.bibl.u-szeged.hu/81380/1/elelmiszervizsgalati_kozlemenyek_1970_06_269-270.pdf
|z Dokumentum-elérés
|